| 000 | 00826nam a2200229 i 4500 | ||
|---|---|---|---|
| 001 | 105589 | ||
| 003 | ES-MaACL | ||
| 005 | 20250826082717.0 | ||
| 007 | t| | ||
| 008 | 060726s1979 sp ||||1| spa d | ||
| 020 | _a84-85361-15-6 | ||
| 080 | _a331.88(460)CNT | ||
| 245 | 0 | 0 |
_aCNT, ser o no ser _b: la crisis de 1976-1979. |
| 260 |
_aParis : _bRuedo Ibérico ; _aBarcelona : _bIbérica de Ediciones y Publicaciones, _c[1979] |
||
| 300 |
_a256 p. ; _c21 cm. |
||
| 490 | 1 |
_aCuadernos de Ruedo Ibérico ; _vfascículo extraordinario |
|
| 610 | 2 | 4 |
_aConfederación Nacional del Trabajo (España) _93165 |
| 710 | 2 |
_aÉditions Ruedo ibérico. _9145333 |
|
| 830 | 1 |
_aCuadernos de Ruedo Ibérico ; _vfascículo extraordinario _9185038 |
|
| 852 |
_aES-MaACL _jAND-401 _z- Biblioteca Juan Andrade. |
||
| 999 |
_c105589 _d105589 |
||